[Event "DRUZYNOWE MISTRZOSTWA POLSKI - II LIGA 2018"]
[Site "Jastrzebia Gora"]
[Date "1899-12-30"]
[Round "8.15"]
[White "Kyc, Jerzy"]
[Black "Winiarski, Mikolaj"]
[Result "0-1"]
[WhiteTitle "k"]
[BlackTitle "FM"]
[WhiteElo "2313"]
[BlackElo "2211"]

1. e4 c5 2. Nf3 Nc6 3. d4 cxd4 4. Nxd4 Nf6 5. Nc3 e6 6. a3 d6 7. Be2 Be7 8. Be3
O-O 9. O-O Bd7 10. f4 Qc7 11. Qe1 Nxd4 12. Bxd4 e5 13. fxe5 dxe5 14. Qg3 Bc5 15.
Bxc5 Qxc5+ 16. Kh1 Qe7 17. Rad1 Rad8 18. Nd5 Nxd5 19. exd5 Qd6 20. c4 Rc8 21.
b4 b6 22. Qf2 a5 23. Rb1 Ba4 24. bxa5 bxa5 25. Rb7 f5 26. Qa7 Qg6 27. Qxa5 Bc2
28. Qc3 Be4 29. Bf3 Qa6 30. Rb4 Bxf3 31. gxf3 Qd6 32. Qd3 Rc7 33. Rfb1 e4 34.
fxe4 fxe4 35. Qxe4 Re7 36. Qg2 Rfe8 37. Qg3 Qc5 38. Qg1 Qa5 39. Rb8 Qxa3 40. Qg2
Qd3 41. Rxe8+ Rxe8 42. Rg1 g6 43. Qf1 Qe4+ 44. Rg2 Rb8 0-1

[Event "DRUZYNOWE MISTRZOSTWA POLSKI - II LIGA 2018"]
[Site "Jastrzebia Gora"]
[Date "1899-12-30"]
[Round "8.16"]
[White "Kokoszczynski, Jan"]
[Black "Marszalek, Maciej"]
[Result "1/2-1/2"]
[WhiteTitle "k"]
[BlackTitle "m"]
[WhiteElo "2246"]
[BlackElo "2272"]

1. c4 c5 2. g3 g6 3. Bg2 Bg7 4. Nf3 Nf6 5. O-O O-O 6. Nc3 Nc6 7. d4 cxd4 8. Nxd4
Nxd4 9. Qxd4 d6 10. Qd2 a6 11. b3 Rb8 12. Bb2 Qa5 13. Rfd1 Qh5 14. Nd5 Nxd5 15.
Bxg7 Kxg7 16. cxd5 Bg4 17. Qd4+ Kg8 18. f3 Bd7 19. Rac1 Rbc8 20. e4 Qe5 21. Qxe5
dxe5 22. f4 f6 23. Kf2 Rxc1 24. Rxc1 Rc8 25. Rxc8+ Bxc8 26. Ke3 Kf8 27. Bf1 Ke8
28. Kd3 Kd8 29. Kc3 Kc7 30. fxe5 fxe5 1/2-1/2

[Event "DRUZYNOWE MISTRZOSTWA POLSKI - II LIGA 2018"]
[Site "Jastrzebia Gora"]
[Date "1899-12-30"]
[Round "8.17"]
[White "Popiol, Michal"]
[Black "Sanz Wawer, Daniel"]
[Result "1/2-1/2"]
[WhiteTitle "k+"]
[BlackTitle "k"]
[WhiteElo "2182"]
[BlackElo "2166"]

1. Nf3 d5 2. d4 Nf6 3. c4 c6 4. e3 e6 5. b3 Nbd7 6. Bd3 Bd6 7. Bb2 O-O 8. O-O Ne4
9. Nbd2 f5 10. Ne5 Nxe5 11. dxe5 Bc7 12. Rc1 a5 13. a3 Bd7 14. f3 Nxd2 15. Qxd2
Qe7 16. Qc2 Rac8 17. c5 b6 18. Bd4 Rb8 19. b4 axb4 20. axb4 b5 21. f4 Ra8 22.
Ra1 Rfb8 23. Ra2 Rxa2 24. Qxa2 Qd8 25. Ra1 Bc8 26. Qb2 Bd7 27. h3 Ra8 28. Kh2
Rxa1 29. Qxa1 Bb8 30. Bc3 Be8 31. Be1 Qc7 32. g4 Bg6 33. gxf5 Bxf5 34. Bxf5 exf5
35. Bc3 Kf7 36. e6+ Kxe6 37. Bxg7 Qe7 38. Be5 Qa7 39. Qb2 Kf7 40. Bh8 Kg8 41.
Be5 Bxe5 42. Qxe5 Qd7 43. Qf6 Qe8 44. Qg5+ Qg6 45. Qd8+ Kg7 46. Qe7+ Qf7 47. Qg5+
Qg6 48. Qe7+ Qf7 49. Qd6 Qf6 50. Qd7+ Kg8 51. Qc8+ Kg7 52. Kg3 Qg6+ 53. Kf2 Qf6
54. Kf3 Qg6 55. Qd7+ Kg8 56. Qd8+ Kg7 57. Qg5 Kf7 58. Qh4 Kg7 59. Qe7+ Kg8 60.
Kf2 Qf7 61. Qd8+ Kg7 62. Ke2 Qe6 63. Qg5+ Kf7 64. Qh4 Kg7 65. Qd8 h6 66. Qc7+
Kg8 67. h4 Kf8 68. h5 Qf6 69. Kf3 Qe6 70. Ke2 Qf6 71. Kd3 Qe6 72. Qd8+ Kg7 73.
Qc7+ Kf8 74. Qd8+ Kg7 75. Qc7+ 1/2-1/2

[Event "DRUZYNOWE MISTRZOSTWA POLSKI - II LIGA 2018"]
[Site "Jastrzebia Gora"]
[Date "1899-12-30"]
[Round "8.18"]
[White "Marcinczyk, Monika"]
[Black "Wesolowska, Hanna"]
[Result "1-0"]
[WhiteTitle "WCM"]
[BlackTitle "WFM"]
[WhiteElo "1865"]
[BlackElo "1871"]

1. e4 e5 2. Nf3 Nf6 3. d4 Nxe4 4. dxe5 d5 5. Nbd2 Nc5 6. Nb3 Bg4 7. Be3 Nxb3 8.
axb3 c5 9. h3 Bh5 10. g4 Bg6 11. Bg2 Be4 12. O-O Nc6 13. Qe2 Qb6 14. Nh4 Bxg2
15. Kxg2 O-O-O 16. Rfd1 d4 17. Bf4 h6 18. Bg3 Re8 19. Re1 a6 20. Qf3 Nd8 21. Rad1
Qc6 22. b4 cxb4 23. Rxd4 Ne6 24. Rd3 Bc5 25. Nf5 Qxf3+ 26. Rxf3 g6 27. Nd6+ Bxd6
28. exd6 Rhf8 29. Rf6 Kd7 30. Re4 a5 31. h4 Ng7 32. Ref4 Ne6 33. Rxf7+ Kc6 34.
R4f6 Rxf7 35. Rxf7 Nf8 36. Rc7+ Kb6 37. d7 Rd8 38. Rc8 Ne6 39. Bc7+ 1-0

[Event "DRUZYNOWE MISTRZOSTWA POLSKI - II LIGA 2018"]
[Site "Jastrzebia Gora"]
[Date "1899-12-30"]
[Round "8.19"]
[White "Krzywda, Andrzej"]
[Black "Stachowiak, Kamil"]
[Result "0-1"]
[WhiteTitle "CM"]
[BlackTitle "IM"]
[WhiteElo "2232"]
[BlackElo "2433"]

1. e4 c5 2. Nf3 e6 3. d4 cxd4 4. Nxd4 Nc6 5. Nc3 Qc7 6. g3 a6 7. Nb3 d6 8. Bg2
Nf6 9. O-O Be7 10. f4 O-O 11. g4 b5 12. g5 Nd7 13. a3 Re8 14. Be3 Bb7 15. Qe2
Nb6 16. Rad1 Nc4 17. Bc1 Bf8 18. Qh5 b4 19. axb4 Nxb4 20. Nd4 g6 21. Qe2 e5 22.
fxe5 dxe5 23. Nb3 a5 24. Kh1 a4 25. Na1 Ba6 26. Qg4 Nd6 27. Rf6 a3 28. Nb3 a2
29. Na1 Bc4 30. Rf2 Rec8 31. Qg3 Nb5 32. Nd5 Bxd5 33. exd5 Nxc2 34. d6 Nxd6 35.
Bxa8 Nxa1 36. Bd2 Nc2 37. Bc3 Nf5 38. Qg1 Rxa8 39. Rxc2 Qc6+ 40. Rg2 Bc5 41. Qf1
Ne3 42. Qe2 a1=Q 0-1

[Event "DRUZYNOWE MISTRZOSTWA POLSKI - II LIGA 2018"]
[Site "Jastrzebia Gora"]
[Date "1899-12-30"]
[Round "8.20"]
[White "Nowak, Kamil"]
[Black "Szymanski, Piotr"]
[Result "1-0"]
[WhiteTitle "m"]
[BlackTitle "CM"]
[WhiteElo "2288"]
[BlackElo "2242"]

1. e4 d5 2. exd5 Qxd5 3. Nc3 Qd8 4. d4 Nf6 5. Bc4 Bf5 6. Nf3 e6 7. Ne5 Nbd7 8.
Qe2 Nb6 9. g4 Nxc4 10. gxf5 Nxe5 11. dxe5 Nd7 12. fxe6 fxe6 13. Bd2 Bc5 14. O-O-O
O-O 15. Ne4 Qe7 16. Bg5 Qf7 17. Rxd7 Qxd7 18. Nxc5 Qd5 19. Ne4 Qxa2 20. Nc3 Qa1+
21. Nb1 Qa4 22. Rg1 Rf7 23. b3 Qd4 24. Rg4 Qxf2 25. Qxf2 Rxf2 26. Bf6 g6 27. h4
Kf7 28. Rd4 Ke8 29. Nc3 a6 30. Ne4 Rf1+ 31. Kb2 Rf4 32. Bg5 1-0

[Event "DRUZYNOWE MISTRZOSTWA POLSKI - II LIGA 2018"]
[Site "Jastrzebia Gora"]
[Date "1899-12-30"]
[Round "8.21"]
[White "Zgadzaj, Rafal"]
[Black "Fudalej, Michal"]
[Result "1/2-1/2"]
[WhiteTitle "k"]
[BlackTitle "FM"]
[WhiteElo "2154"]
[BlackElo "2209"]

1. e4 c6 2. d4 d5 3. exd5 cxd5 4. c4 Nf6 5. Nc3 Nc6 6. Nf3 Bg4 7. cxd5 Nxd5 8.
Qb3 Bxf3 9. gxf3 e6 10. Qxb7 Nxd4 11. Bb5+ Nxb5 12. Qc6+ Ke7 13. Qxb5 Qd7 14.
Qxd7+ Kxd7 15. Nxd5 exd5 16. Be3 Ke6 17. O-O-O Bb4 18. Rd3 Rhc8+ 19. Kb1 Bc5 20.
Rc1 Bxe3 21. fxe3 Rxc1+ 22. Kxc1 a5 23. Ra3 g5 24. Kd2 Rb8 25. b3 Rb5 26. Ra4
f5 27. Kd3 Rc5 28. h3 h5 29. Kd2 Rb5 30. Kd3 Rc5 31. Kd2 Rb5 32. Kd3 Rc5 33. Ke4
Ke5+ 1/2-1/2

[Event "DRUZYNOWE MISTRZOSTWA POLSKI - II LIGA 2018"]
[Site "Jastrzebia Gora"]
[Date "1899-12-30"]
[Round "8.22"]
[White "Kolasinski, Krzysztof"]
[Black "Malecki, Rafal"]
[Result "1/2-1/2"]
[WhiteTitle "I++"]
[BlackTitle "k+"]
[WhiteElo "2118"]
[BlackElo "2030"]

1. d4 Nf6 2. c4 g6 3. Nc3 Bg7 4. e4 d6 5. Be2 O-O 6. Bg5 Nbd7 7. Qd2 e5 8. d5 a5
9. h4 Nc5 10. f3 Bd7 11. Nh3 Bxh3 12. Rxh3 Qd7 13. O-O-O Nh5 14. Rh2 f6 15. Be3
b6 16. Rg1 Ng3 17. Rh3 Nxe2+ 18. Qxe2 h6 19. Qd2 Kh7 20. Rh2 f5 21. g4 f4 22.
Bf2 a4 23. Qc2 Ra6 24. Kd2 Rfa8 25. Ke2 Bf8 26. Rb1 Be7 27. Rhh1 R6a7 28. Nb5
Ra6 29. h5 g5 30. Rhd1 Kg7 31. Kf1 Bf6 1/2-1/2

[Event "DRUZYNOWE MISTRZOSTWA POLSKI - II LIGA 2018"]
[Site "Jastrzebia Gora"]
[Date "1899-12-30"]
[Round "8.23"]
[White "Szajda, Marcin"]
[Black "Fiedorek, Michal"]
[Result "1-0"]
[WhiteTitle "I++"]
[BlackTitle "I"]
[WhiteElo "1995"]
[BlackElo "2186"]

1. e4 c5 2. Nf3 d6 3. d4 cxd4 4. Nxd4 Nf6 5. Nc3 Nc6 6. Bg5 e6 7. Qd2 a6 8. O-O-O
Bd7 9. f4 b5 10. Bxf6 gxf6 11. Kb1 b4 12. Nce2 Qb6 13. Nxc6 Bxc6 14. f5 e5 15.
Ng3 h5 16. Bd3 h4 17. Nf1 Bh6 18. Qe2 Ke7 19. Bc4 Bb5 20. Bd3 Rhg8 21. Nd2 Qe3
22. Rhe1 Qxe2 23. Rxe2 Bxd3 24. cxd3 Bxd2 25. Rdxd2 Rac8 26. Rc2 Rc5 27. Rc4 Rxc4
28. dxc4 Kd7 29. Kc2 Kc6 30. Kd3 Rg4 31. Ke3 Rf4 32. Rf2 Rg4 33. Kf3 Rf4+ 34.
Ke3 Rg4 35. Kf3 Rg8 36. Rd2 Kc5 37. b3 Kc6 38. Rd5 Rg7 39. Ra5 Kb6 40. Rd5 Kc6
41. Ra5 Kb6 42. Ra4 a5 43. a3 bxa3 44. Rxa3 Rg5 45. Ra1 Rg8 46. Ra2 Rb8 47. Kg4
Kc6 48. Ra3 Rb4 49. Kxh4 a4 50. Rxa4 Rxb3 51. Ra7 Re3 52. Rxf7 Rxe4+ 53. g4 Rxc4
54. Rxf6 Rc2 55. h3 Rg2 56. Kg5 Kd5 57. h4 e4 58. Re6 Kd4 59. Rxd6+ Ke3 60. Ra6
Kf3 61. Ra3+ e3 62. Kh5 Rd2 63. f6 Rf2 64. g5 Ke4 65. Ra1 Kd3 66. Kg6 1-0

[Event "DRUZYNOWE MISTRZOSTWA POLSKI - II LIGA 2018"]
[Site "Jastrzebia Gora"]
[Date "1899-12-30"]
[Round "8.24"]
[White "Dmochowska, Agnieszka"]
[Black "Chmiel, Dominika"]
[Result "1-0"]
[WhiteTitle "WCM"]
[BlackTitle "m"]
[WhiteElo "2125"]
[BlackElo "2098"]

1. d4 Nf6 2. c4 g6 3. Nc3 Bg7 4. e4 d6 5. Nf3 O-O 6. Be2 Nc6 7. O-O e5 8. d5 Ne7
9. a4 Nh5 10. a5 a6 11. b4 h6 12. Nd2 Nf4 13. c5 Nxe2+ 14. Qxe2 f5 15. f3 g5 16.
Nc4 fxe4 17. fxe4 Rxf1+ 18. Qxf1 Bg4 19. cxd6 cxd6 20. b5 Qc7 21. bxa6 bxa6 22.
Bd2 Rf8 23. Qd3 Ng6 24. Ne3 Bc8 25. Qc4 Qd7 26. Na4 Bb7 27. Nb6 Qe7 28. Rc1 Nh4
29. Qc7 Qf7 30. Qxf7+ Rxf7 31. Nec4 Bf8 32. Bb4 Rc7 33. Rd1 Bc8 34. Bxd6 Bxd6
35. Nxd6 Bg4 36. Rd2 Rc1+ 37. Kf2 Ng6 38. h3 Bd1 39. Nb7 Nf4 40. d6 g4 41. d7
Ne6 42. Rd6 1-0

[Event "DRUZYNOWE MISTRZOSTWA POLSKI - II LIGA 2018"]
[Site "Jastrzebia Gora"]
[Date "1899-12-30"]
[Round "8.25"]
[White "Janaszak, Dawid"]
[Black "Rudolf, Michal"]
[Result "1-0"]
[WhiteTitle "FM"]
[BlackTitle "FM"]
[WhiteElo "2362"]
[BlackElo "2352"]

1. c4 c6 2. Nf3 d5 3. e3 Nf6 4. b3 Bf5 5. Bb2 e6 6. Be2 Nbd7 7. Nh4 Bg6 8. Nc3
Be7 9. Nxg6 hxg6 10. Qc2 O-O 11. h4 e5 12. O-O-O Nc5 13. d3 d4 14. Ne4 Ncxe4 15.
dxe4 c5 16. f4 Qc7 17. g4 exf4 18. e5 Qxe5 19. exd4 cxd4 20. h5 f3 21. Bd3 gxh5
22. gxh5 Rfd8 23. h6 gxh6 24. Rdg1+ Kf8 25. Kb1 Bb4 26. Bc1 Ke7 27. Qf2 Qd6 28.
Qxf3 Qc6 29. Qf5 Qe6 30. Qb5 Qb6 31. Re1+ Bxe1 32. Rxe1+ Ne4 33. Rxe4+ Kf8 34.
Qxb6 axb6 35. Bxh6+ Kg8 36. Rg4+ Kh8 37. Bg7+ Kg8 38. Bf6+ Kf8 39. Rh4 Ke8 40.
Bf5 1-0

[Event "DRUZYNOWE MISTRZOSTWA POLSKI - II LIGA 2018"]
[Site "Jastrzebia Gora"]
[Date "1899-12-30"]
[Round "8.26"]
[White "Markowski, Damian"]
[Black "Dudzinski, Piotr"]
[Result "1/2-1/2"]
[WhiteTitle "FM"]
[BlackTitle "FM"]
[WhiteElo "2274"]
[BlackElo "2304"]

1. e4 e5 2. Nf3 Nc6 3. Bc4 Bc5 4. d3 Nf6 5. c3 d6 6. O-O O-O 7. Bb3 h6 8. Bc2 a5
9. h3 Ba7 10. Na3 d5 11. Nb5 Bb6 12. Be3 d4 13. cxd4 Nxd4 14. Nfxd4 Bxd4 15. Nxd4
exd4 16. Bf4 Re8 17. Bb3 c6 18. Rc1 Be6 19. Bxe6 Rxe6 20. Qb3 b6 21. Bh2 c5 22.
f4 Rc6 23. a4 Rac8 24. Qc4 Ne8 25. b3 Nd6 26. Qd5 Ne8 27. f5 Qxd5 28. exd5 Rf6
29. Be5 Rd8 30. Rce1 Kf8 31. Re2 Rxd5 32. Bxf6 Nxf6 33. g4 Rd8 34. Kf2 Nd5 35.
Ke1 Ne3 36. Rf4 Nd5 37. Rf3 Ne3 38. Kf2 Rb8 1/2-1/2

[Event "DRUZYNOWE MISTRZOSTWA POLSKI - II LIGA 2018"]
[Site "Jastrzebia Gora"]
[Date "1899-12-30"]
[Round "8.27"]
[White "Wlodarczyk, Oskar"]
[Black "Chalupnik, Marcin"]
[Result "0-1"]
[WhiteTitle "FM"]
[BlackTitle "k++"]
[WhiteElo "2281"]
[BlackElo "2188"]

1. Nf3 Nf6 2. b3 g6 3. Bb2 Bg7 4. g3 O-O 5. Bg2 d6 6. O-O e5 7. d3 Nc6 8. c4 h6
9. Nbd2 Be6 10. Rc1 Qd7 11. Re1 Bh3 12. Bh1 Ng4 13. Qc2 f5 14. Bg2 Bxg2 15. Kxg2
Rf7 16. h3 Nf6 17. c5 Raf8 18. cxd6 cxd6 19. Ba3 f4 20. d4 fxg3 21. fxg3 Nxd4
22. Qxg6 Nf5 23. g4 Nd5 24. e3 Rf6 25. Qh5 Nfxe3+ 26. Kh2 Rxf3 27. Nxf3 Rxf3 28.
Qg6 Rxh3+ 29. Kxh3 Nf4+ 30. Kg3 Nxg6 31. Rxe3 h5 32. Rc4 b5 33. Rce4 d5 34. Rd3
Qe6 35. Ree3 Qxg4+ 0-1

[Event "DRUZYNOWE MISTRZOSTWA POLSKI - II LIGA 2018"]
[Site "Jastrzebia Gora"]
[Date "1899-12-30"]
[Round "8.28"]
[White "Warszawski, Bartosz"]
[Black "Zareba, Radoslaw"]
[Result "0-1"]
[WhiteTitle "m"]
[BlackTitle "I+"]
[WhiteElo "2165"]
[BlackElo "2110"]

1. e4 d6 2. d4 g6 3. Nc3 Bg7 4. f4 Nf6 5. Nf3 O-O 6. Bd3 Na6 7. O-O c5 8. d5 Bg4
9. Qe1 Bxf3 10. Rxf3 Nb4 11. a3 Nxd3 12. cxd3 a6 13. f5 b5 14. Qh4 Qb6 15. Ne2
b4 16. a4 c4+ 17. Be3 Qc7 18. Rc1 c3 19. bxc3 b3 20. Rb1 Rfb8 21. Bd4 Qa5 22.
Qe1 Qxa4 23. c4 Nd7 24. Qc3 Bxd4+ 25. Nxd4 Ne5 26. Rff1 Rb7 27. fxg6 hxg6 28.
Rxb3 Rxb3 29. Nxb3 Rb8 30. Nd4 Qa2 31. Qe1 Nxd3 32. Qg3 Ne5 33. Nf5 Rb1 34. Nxe7+
Kf8 35. Nxg6+ Nxg6 36. Qxd6+ Kg8 37. Qd8+ Kh7 38. Qf6 Rxf1+ 39. Qxf1 Kg7 40. Qc1
Qe2 41. c5 Qxe4 42. Qd2 Qb1+ 43. Kf2 Qf5+ 44. Kg3 Kf8 45. c6 Qe5+ 46. Kf2 Ne7
47. Qb4 Qxd5 48. c7 Qf5+ 49. Kg1 a5 50. Qd6 Qe6 51. Qd8+ Kg7 52. g3 Nc8 53. Qg5+
Kf8 54. Qxa5 Ke7 55. Qg5+ f6 56. Qg7+ Kd6 57. h4 Qe1+ 58. Kg2 Qe7 59. Qxe7+ Nxe7
60. g4 Kxc7 61. g5 f5 62. h5 Kd6 63. Kf3 Ke5 64. h6 Ke6 65. h7 Ng6 66. Ke3 Kf7
0-1

[Event "DRUZYNOWE MISTRZOSTWA POLSKI - II LIGA 2018"]
[Site "Jastrzebia Gora"]
[Date "1899-12-30"]
[Round "8.29"]
[White "Chmielarz, Maciej"]
[Black "Kaim, Piotr"]
[Result "0-1"]
[WhiteTitle "I+"]
[BlackTitle "m"]
[WhiteElo "1946"]
[BlackElo "2172"]

1. d4 d5 2. c4 e6 3. Nc3 Nf6 4. Bg5 Be7 5. Nf3 h6 6. Bh4 O-O 7. e3 b6 8. cxd5 Nxd5
9. Nxd5 Bxh4 10. Nxc7 Bxf2+ 11. Kxf2 Qxc7 12. Rc1 Qe7 13. Qc2 Na6 14. Bb5 Bb7
15. a3 Rfc8 16. Qa4 Nc7 17. Bd7 b5 18. Bxb5 Bxf3 19. gxf3 Qh4+ 20. Ke2 Nxb5 21.
Rxc8+ Rxc8 22. Qxb5 Qh3 23. Rf1 Qxh2+ 24. Kd1 Rc2 25. Qd3 Rxb2 26. Kc1 Rb7 27.
e4 Qb2+ 28. Kd1 Qa2 29. Kc1 Rb2 0-1

[Event "DRUZYNOWE MISTRZOSTWA POLSKI - II LIGA 2018"]
[Site "Jastrzebia Gora"]
[Date "1899-12-30"]
[Round "8.30"]
[White "Bednarska-bzdega, Malgorzata"]
[Black "Czerwinska, Milena"]
[Result "1/2-1/2"]
[WhiteTitle "WFM"]
[BlackTitle "WFM"]
[WhiteElo "1991"]
[BlackElo "2028"]

1. e4 c5 2. Nf3 d6 3. d4 cxd4 4. Nxd4 Nf6 5. Nc3 a6 6. Bc4 e6 7. O-O Be7 8. Bb3
O-O 9. f4 b5 10. e5 dxe5 11. fxe5 Nfd7 12. Bf4 Bb7 13. Kh1 Nc5 14. a3 Nc6 15.
Nxc6 Bxc6 16. Qg4 Kh8 17. Ba2 Qc7 18. Rae1 Qb7 19. Re3 Ne4 20. Nxe4 Bxe4 21. Rg3
Rg8 22. Be3 Raf8 23. c3 Bf5 24. Qe2 Qe4 25. Bb1 Qxe5 26. Bxf5 exf5 27. Qf3 Bf6
28. Bd4 Qe6 29. Bxf6 Qxf6 30. Qxf5 Qxf5 31. Rxf5 f6 32. h3 Rd8 33. Rf2 Rd1+ 34.
Kh2 Rgd8 35. Re3 Kg8 36. Rfe2 R1d2 37. Kg3 Rxe2 38. Rxe2 Kf7 39. Kf4 g6 40. Ke4
1/2-1/2

[Event "DRUZYNOWE MISTRZOSTWA POLSKI - II LIGA 2018"]
[Site "Jastrzebia Gora"]
[Date "1899-12-30"]
[Round "8.31"]
[White "Kumala, Aleksander"]
[Black "Borawski, Jakub"]
[Result "1/2-1/2"]
[WhiteTitle "k"]
[BlackTitle "k"]
[WhiteElo "2197"]
[BlackElo "2150"]

1. Nf3 d5 2. d4 Nf6 3. Bf4 e6 4. e3 Bd6 5. Bg3 O-O 6. Nbd2 b6 7. c3 c5 8. Bd3 Bb7
9. Qe2 Ne4 10. Rd1 Qe7 11. Bxd6 Nxd6 12. e4 dxe4 13. Nxe4 Nxe4 14. Bxe4 cxd4 15.
Nxd4 Bxe4 16. Qxe4 Na6 17. O-O Nc5 18. Qe3 Qb7 19. Rfe1 Rad8 20. b4 Na4 21. Qg3
Qd5 22. f4 Qc4 23. f5 Qxc3 24. fxe6 Qxg3 25. hxg3 fxe6 26. Nxe6 Rxd1 27. Rxd1
Re8 28. Rd8 Rxd8 29. Nxd8 Nc3 30. a3 a5 31. bxa5 bxa5 32. a4 Nxa4 33. Nb7 Nc3
34. Nxa5 Ne4 35. Kh2 h5 36. Nc4 Kf7 37. Ne3 Kf6 38. Nd5+ Kf5 39. Ne3+ Kg5 40.
Nd5 Nd2 41. Kh3 Ne4 42. Kh2 Nf6 43. Nf4 Kf5 44. Kh3 g6 45. Nd3 Ng4 46. Kh4 Nf6
47. Kh3 g5 48. Nf2 Nd5 49. g4+ hxg4+ 50. Nxg4 Nf4+ 51. Kg3 Nxg2 52. Nh6+ Kg6 53.
Kxg2 Kxh6 54. Kg3 Kg6 55. Kg4 Kf6 56. Kg3 Ke5 1/2-1/2

[Event "DRUZYNOWE MISTRZOSTWA POLSKI - II LIGA 2018"]
[Site "Jastrzebia Gora"]
[Date "1899-12-30"]
[Round "8.32"]
[White "Daniel, Damian"]
[Black "Kasperek, Ryszard"]
[Result "0-1"]
[WhiteTitle "k"]
[BlackTitle "m"]
[WhiteElo "2174"]
[BlackElo "2172"]

1. d4 Nf6 2. c4 e6 3. Nc3 c5 4. d5 exd5 5. cxd5 d6 6. e4 g6 7. Nge2 Na6 8. Ng3
Nc7 9. Be2 Bg7 10. O-O O-O 11. Bg5 Rb8 12. a4 a6 13. Rb1 b5 14. axb5 Nxb5 15.
Nxb5 axb5 16. b4 c4 17. Qc2 h6 18. Bd2 h5 19. Bg5 Qc7 20. h3 Ra8 21. f4 Nh7 22.
Bh4 Re8 23. Bf3 Ra3 24. Ne2 f5 25. Bf2 Rd3 26. e5 dxe5 27. fxe5 Bxe5 28. Rfd1
Rxd1+ 29. Rxd1 Ng5 30. Nd4 Bxd4 31. Rxd4 Qe5 32. d6 Nxf3+ 33. gxf3 Bd7 34. Qd2
Ra8 35. Qg5 Kf7 36. Rd1 Ra1 37. Rxa1 Qxa1+ 38. Kg2 Qf6 39. Qf4 g5 40. Qd2 Kg6
41. Bd4 Qxd6 42. Qc3 h4 43. Bh8 Qe7 44. f4 Bc6+ 45. Kf2 g4 46. hxg4 fxg4 47. Be5
Qd7 48. Qc2+ Qd3 49. Qxd3+ cxd3 50. Ke3 Kf5 0-1

[Event "DRUZYNOWE MISTRZOSTWA POLSKI - II LIGA 2018"]
[Site "Jastrzebia Gora"]
[Date "1899-12-30"]
[Round "8.33"]
[White "Cajbel, Maciej"]
[Black "Kowalczuk, Wojciech"]
[Result "1-0"]
[WhiteTitle "k"]
[BlackTitle "k"]
[WhiteElo "2187"]
[BlackElo "2058"]

1. e4 c5 2. Nc3 Nc6 3. Bb5 g6 4. Bxc6 dxc6 5. d3 Bg7 6. f4 Qb6 7. Nf3 Bg4 8. h3
Bxf3 9. Qxf3 c4 10. dxc4 Qb4 11. O-O Qxc4 12. f5 Bd4+ 13. Kh1 Nf6 14. Bg5 Bxc3
15. bxc3 Nxe4 16. Qf4 gxf5 17. Rae1 f6 18. Bxf6 Rf8 19. Bh4 Rf7 20. Qc7 Rd8 21.
Rxf5 Rd7 22. Qb8+ Rd8 23. Qe5 1-0

[Event "DRUZYNOWE MISTRZOSTWA POLSKI - II LIGA 2018"]
[Site "Jastrzebia Gora"]
[Date "1899-12-30"]
[Round "8.34"]
[White "Szmyd, Marek"]
[Black "Puczylowski, Marcin"]
[Result "0-1"]
[WhiteTitle "k"]
[BlackTitle "k"]
[WhiteElo "1921"]
[BlackElo "2110"]

1. b3 e5 2. Bb2 Nc6 3. e3 d5 4. Bb5 Bd6 5. f4 f6 6. fxe5 fxe5 7. Nf3 Nh6 8. Nxe5
Qh4+ 9. g3 Qg5 10. d4 O-O 11. Nxc6 bxc6 12. Bxc6 Rb8 13. Nc3 Qxe3+ 14. Ne2 Ng4
15. Bxd5+ Kh8 16. Qd3 Qg5 17. Bf3 Rxf3 18. Qxf3 Bb7 19. d5 Bxd5 20. Qf1 Ne3 21.
h4 Nxc2+ 22. Kd1 Ne3+ 23. Ke1 Bb4+ 24. Nc3 Qe5 25. Qf4 Ng2+ 0-1

[Event "DRUZYNOWE MISTRZOSTWA POLSKI - II LIGA 2018"]
[Site "Jastrzebia Gora"]
[Date "1899-12-30"]
[Round "8.35"]
[White "Zurkowski, Andrzej"]
[Black "Borowski, Przemyslaw"]
[Result "1-0"]
[WhiteTitle "k+"]
[BlackTitle "I"]
[WhiteElo "2048"]
[BlackElo "1807"]

1. c4 e5 2. Nc3 Nc6 3. g3 g6 4. Bg2 Bg7 5. d3 Nge7 6. e4 O-O 7. Nge2 d6 8. O-O
f5 9. Be3 fxe4 10. dxe4 Bg4 11. f3 Be6 12. Nd5 Qd7 13. Qd2 b6 14. b4 a5 15. a3
axb4 16. axb4 Bxd5 17. exd5 Rxa1 18. Rxa1 Nd8 19. Ra7 Nc8 20. Ra8 Nf7 21. Nc3
Ne7 22. Ra7 Nc8 23. Ra6 h5 24. h3 Kh7 25. Ne4 Ne7 26. g4 b5 27. c5 dxc5 28. Bxc5
Rd8 29. Ng5+ Nxg5 30. Qxg5 Nxd5 31. Rxg6 Ra8 32. Qxh5+ Kg8 33. Qxe5 Re8 34. Rxg7+
1-0

[Event "DRUZYNOWE MISTRZOSTWA POLSKI - II LIGA 2018"]
[Site "Jastrzebia Gora"]
[Date "1899-12-30"]
[Round "8.36"]
[White "Czaplewska, Klara"]
[Black "Kasperek, Joanna"]
[Result "1/2-1/2"]
[WhiteTitle "k+"]
[BlackTitle "k++"]
[WhiteElo "1873"]
[BlackElo "2051"]

1. d4 Nf6 2. c4 e6 3. Nc3 Bb4 4. g3 O-O 5. Bg2 d5 6. a3 Bxc3+ 7. bxc3 c5 8. cxd5
Nxd5 9. Qd3 Nc6 10. e4 Nf6 11. Ne2 cxd4 12. cxd4 Bd7 13. O-O Rc8 14. Rb1 Na5 15.
Bd2 a6 16. Rfe1 Bb5 17. Qf3 Nc6 18. Bc3 Bxe2 19. Qxe2 Nxd4 20. Bxd4 Qxd4 21. Rxb7
a5 22. Rb5 Rb8 23. Rxa5 Rb2 24. Qe3 Qxe3 25. Rxe3 Ng4 26. Rf3 Rb1+ 27. Bf1 f6
28. Kg2 Rxf1 29. Kxf1 Nxh2+ 30. Kg2 Nxf3 31. Kxf3 Rb8 32. Ra7 e5 33. a4 Rb3+ 34.
Ke2 h5 35. a5 Rb2+ 36. Ke3 Rb3+ 37. Ke2 Rb2+ 38. Ke3 Rb3+ 1/2-1/2

[Event "DRUZYNOWE MISTRZOSTWA POLSKI - II LIGA 2018"]
[Site "Jastrzebia Gora"]
[Date "1899-12-30"]
[Round "8.37"]
[White "Bednarek, Sylwester"]
[Black "Jedynak, Radoslaw"]
[Result "1-0"]
[WhiteTitle "FM"]
[BlackTitle "GM"]
[WhiteElo "2336"]
[BlackElo "2353"]

1. e4 e6 2. d4 d5 3. Nc3 Bb4 4. e5 c5 5. Bd2 Ne7 6. dxc5 Nd7 7. Qg4 Bxc3 8. Bxc3
O-O 9. O-O-O Nxc5 10. Nh3 Bd7 11. Bb4 Rc8 12. Bd3 Ng6 13. Bxg6 fxg6 14. Rhe1 a5
15. Bxc5 Rxc5 16. Re3 Qc7 17. c3 b5 18. a3 Rf5 19. Rd4 Rxe5 20. Rxe5 Qxe5 21.
Qf4 Qc7 22. Qxc7 Rxc7 23. Nf4 g5 24. Nd3 Kf7 25. h4 Kf6 26. Kd2 gxh4 27. Rxh4
h6 28. f4 Be8 29. Ne5 Bg6 30. Ke3 b4 31. axb4 axb4 32. Kd4 bxc3 33. bxc3 Ra7 34.
Nxg6 Ra4+ 35. Kd3 d4 36. Ne5 dxc3 37. Kxc3 Kf5 38. Nc4 Ra2 39. Kd4 g5 40. Ne3+
Kg6 41. fxg5 Ra4+ 42. Nc4 hxg5 43. Re4 Kh5 44. Ke5 1-0

[Event "DRUZYNOWE MISTRZOSTWA POLSKI - II LIGA 2018"]
[Site "Jastrzebia Gora"]
[Date "1899-12-30"]
[Round "8.38"]
[White "Pazderski, Ziemowit"]
[Black "Tomczak, Rafal"]
[Result "1/2-1/2"]
[WhiteTitle "k+"]
[BlackTitle "FM"]
[WhiteElo "2239"]
[BlackElo "2361"]

1. d4 d5 2. Nf3 Nf6 3. c4 c6 4. Nc3 e6 5. Bg5 Be7 6. e3 Nbd7 7. Be2 h6 8. Bh4 O-O
9. O-O b6 10. a3 Bb7 11. b4 dxc4 12. Bxc4 c5 13. bxc5 bxc5 14. Rb1 Bxf3 15. Qxf3
cxd4 16. exd4 Nb6 17. Bd3 Qxd4 18. Bxf6 Qxf6 19. Qxf6 Bxf6 20. Nb5 Nd5 21. Be4
Rfc8 22. Rfd1 a6 23. Bxd5 exd5 24. Nd6 Rc5 25. Rb7 Ra5 26. Rd3 d4 27. g3 Rd8 28.
Ne4 Be5 29. Ra7 f5 30. Nd2 Bf6 31. Kg2 Rc8 32. Rb3 Rc6 33. Rd7 Rb5 34. Rxb5 axb5
35. Rd5 Rc2 1/2-1/2

[Event "DRUZYNOWE MISTRZOSTWA POLSKI - II LIGA 2018"]
[Site "Jastrzebia Gora"]
[Date "1899-12-30"]
[Round "8.39"]
[White "Lisowski, Krzysztof"]
[Black "Maciaga, Marcin"]
[Result "0-1"]
[WhiteTitle "k"]
[BlackTitle "k+"]
[WhiteElo "2061"]
[BlackElo "2117"]

1. e4 c5 2. Nf3 g6 3. d4 cxd4 4. Qxd4 Nf6 5. Nc3 Nc6 6. Qa4 d6 7. e5 dxe5 8. Nxe5
Bd7 9. Nxd7 Nxd7 10. Be3 Nb6 11. Qh4 Bg7 12. Rd1 Qc7 13. Be2 O-O 14. O-O Rad8
15. Ne4 Qe5 16. Bxb6 axb6 17. c3 b5 18. Bf3 b4 19. Rde1 h6 20. Ng3 Qa5 21. Bxc6
bxc6 22. Qxb4 Qxb4 23. cxb4 Rd2 24. Rxe7 Rxb2 25. a3 Ra8 26. Re3 Ra2 27. Rc1 Bb2
28. Rxc6 Ra1+ 29. Nf1 Rd8 30. b5 Rdd1 31. g3 Rxf1+ 32. Kg2 Rg1+ 33. Kf3 Rxa3 34.
b6 Rxe3+ 35. Kxe3 Re1+ 36. Kd2 Re8 37. b7 Be5 38. Kd3 Bb8 39. Kc4 Kf8 40. Kb5
Re5+ 41. Kb6 Re6 42. Rxe6 fxe6 43. f4 h5 44. Kc5 h4 45. Kd4 hxg3 46. hxg3 Ke7
47. Ke4 Kf6 48. Kf3 g5 0-1

[Event "DRUZYNOWE MISTRZOSTWA POLSKI - II LIGA 2018"]
[Site "Jastrzebia Gora"]
[Date "1899-12-30"]
[Round "8.40"]
[White "Choroszej, Aleksander"]
[Black "Migala, Andrzej"]
[Result "1-0"]
[WhiteTitle "k"]
[BlackTitle "k"]
[WhiteElo "2054"]
[BlackElo "2015"]

1. d4 d5 2. c4 c6 3. Nc3 Nf6 4. Nf3 a6 5. c5 Nbd7 6. Bf4 Nh5 7. Bd2 Nhf6 8. Qc2
g6 9. h3 Qc7 10. g3 Bg7 11. Bf4 Qd8 12. Qd2 O-O 13. Bg2 b6 14. cxb6 Qxb6 15. O-O
a5 16. Rac1 Ba6 17. Rfe1 Rfc8 18. Ne5 Nxe5 19. Bxe5 Nd7 20. Bxg7 Kxg7 21. h4 h5
22. Rc2 e6 23. Rec1 Rab8 24. b3 Qb4 25. Bh3 Bb5 26. Qe3 Rd8 27. Nxb5 cxb5 28.
Rc7 Rb6 29. Ra7 a4 30. Rcc7 Qd6 31. Qg5 Rbb8 32. Qf4 Rb6 33. Qxd6 Rxd6 34. b4
Kf8 35. Rab7 Ke8 36. e3 Rb6 37. Rxd7 1-0